000 01096nam a22001577a 4500
041 _aeng
080 _a81
090 _bФЕД
100 _aФедотова И.Г.
245 _aУскоренный курс английского языка.
260 _aМосква
_bМП "ИННКО"
_c1992
300 _a288
520 _aКурс предназначен для начинающих. Его цель дать в концентрированной форме систематизированный материал для приобретения навыков устной и письменной речи. Тексты подобраны из оригинальных источников. Грамматический материал охватывает основные явления грамматики, необходимые для общения на английском языке. Структура книги открывает большие возможности для самостоятельной работы.
650 _aEnglish Practice
999 _c282432
_d282432
942 _cBK